000 00488nam a2200181Ia 4500
999 _c28563
_d28563
003 OSt
005 20201001150248.0
008 190216s9999||||xx |||||||||||||| ||und||
020 _a9788124015698
040 _coclc
082 _a523.18
_bNAI/P
100 _aNair, P Kesavan
_95283
245 0 _aPrapancham /
_cP Kesavan Nair
260 _bDc Books,
_aKottayam:
_c2005.
300 _a223p
650 _aGeneral
942 _cBK
_2ddc
_h523.18
_iNAI/P
_k523.18
_mNAI/P